Pays modernes de l'Empire espagnol sur une carte - Statistiques

Statistiques générales
  • Ce quiz a été pris 10 019 fois
  • Le résultat moyen est 27 sur 33
Réponses sur la Carte
Les réponses sont colorées sur une échelle allant du rouge au vert en fonction du pourcentage des utilisateurs qui les ont devinées à leur premier essai. Vous pouvez retrouver ces pourcentages ci-dessous.
 
Statistiques - réponses
Pays % Correct
Mexique
99%
Chili
98%
Espagne
98%
États-Unis
98%
Argentine
97%
Colombie
97%
Cuba
96%
Pérou
96%
Uruguay
96%
Bolivie
95%
Paraguay
95%
Venezuela
95%
Équateur
93%
Panama
93%
Brésil
92%
Honduras
90%
Costa Rica
88%
Guyana
88%
Guatemala
86%
Nicaragua
86%
Salvador
84%
Belize
83%
Philippines
82%
République Dominicaine
81%
Maroc
75%
Bahamas
74%
États Fédérés de Micronésie
64%
Îles Marshall
57%
Nauru
57%
Palaos
57%
Trinité-et-Tobago
55%
Canada
52%
Royaume-Uni
44%
Aucun quiz correspondant
Distribution des résultats
% des personnes avec chaque résultat
Percentile par nombre de réponses
Votre historique - résultats
Vous n’avez pas pris ce quiz